1905 1798 1637 1692 1671 1946 1678 1014 1022 1627 1187 1780 1496 1869 1705 1030 1742 1613 1411 1245 1945 1981 1846 1430 1959 1575 1018 1480 1491 1782 1222 1805 1641 1342 1724 1133 1778 1290 1108 1492 1778 1214 1422 1310 1042 1108 1904 1228 1331 1596 1158 1724 1843 1560 1734 1019 1118 1307 1928 1454 1710 1235 1476 1157 1034 1863 1482 1128 1600 1276 1740 1845 1529 1399 1770 1427 1415 1091 1126 1699 1002 1353 1148 1811 1169 1082 1383 1767 1079 1369 1019 1328 1459 1326 1669 1747 1587 1156 1581 BCNSPRNW ULIB Ver.6.0+V

เปลี่ยนเป็นภาษาไทย

Change to English
 แสดงรายละเอียดบรรณานุกรม
  กลับหน้าหลัก

Brief Record : Get Marc (ISO 2709) : E-mail record : QR code < ปิดหน้าต่าง
LEADER : 00000nam 2200000uu 4500
001    13399110092
003     ULIB
008    110421s2549||||th 000 0 tha d
020    9749478436
060 04 WI210^bป368อ 2549
100 0  ประโยชน์ บุญสินสุข
245 10 อ่านใบหน้ามองดูลิ้นเพื่อสุขภาพที่ดี /^cประโยชน์ บุญสินสุข
260    กรุงเทพฯ :^bคลินิกกายภาพบำบัดไท,^c2549
300    144 หน้า :^bภาพประกอบ ;^c21 ซม.
650  7 ใบหน้า
650  7 หน้า
650  7 ลิ้น
650  7 การกดจุด
650  7 การรักษาโรค
945    ^p149^l0^i019922
945    ^p149^l0^i019923
995    ทศพร
999 ^a ใช้งานได้ทุกระบบ
รายการนี้ยังไม่มีแท็ก
คุณยังไม่ได้ล็อกอิน คุณสามารถมีกิจกรรมร่วมกับเว็บไซต์ได้ แต่ต้องล็อกอินก่อน ::
  ล็อกอิน

รายการสื่อสารสนเทศ

ลำดับที่ ประเภท เลขเรียก/บาร์โค้ด สถานที่ สถานะ
- ไม่พบข้อมูล -

รายการใกล้เคียง
    ผู้แต่ง [ประโยชน์ บุญสินสุข]

    หัวเรื่อง [ใบหน้า]
    หัวเรื่อง [หน้า]
    หัวเรื่อง [ลิ้น]
    หัวเรื่อง [การกดจุด]
    หัวเรื่อง [การรักษาโรค]

BibComment


ยังไม่เคยถูกคอมเมนท์

คอมเมนท์ทรัพยากรรายการนี้
  คอมเมนท์: อ่านใบหน้ามองดูลิ..


 Copyright 2026. Bcnsprnw @Library